00499cas a22001454i 4500001001000000003001000010005001700020008004100037040004100078041000800119100004000127245003500167300005900202773009200261768714001CO-MdFUSB20180303084710.0180303s1996 cr ||||| |||| 00| 0 spa d aCO-MdFUSBbspacCO-MdFUSBdCO-MdFUSB aspa1 aContreras Galeano, Serafíneautor10aRestaurando la red de servicio aVolumen 4. Número 1 (1996), páginas 13-15c: 28 cm0 tConquista Cristiana049446gVolumen 4. Número 1 (1996), páginas 13-15q página 13